Bairros de Cajazeiras/PB em um Mapa - Statistics

Estatísticas Gerais
  • Esse quiz foi jogado 32 vezes
  • A pontuação média é 8 de 22
Respostas no mapa
Respostas codificadas por cores de uma escala verde-vermelha no mapa do quiz de acordo com a % correta abaixo.
 
Estatísticas das Respostas
Bairro % Correto
Centro
83%
Cristo Rei
50%
Jardim Oásis
44%
Vila Nova
44%
Esperança
39%
Jardim Adalgisa
39%
Pio X
39%
Por-do-Sol
39%
Remédios
39%
São Francisco
39%
São José
39%
Sol Nascente
39%
Capoeira
33%
Casas Populares
33%
Tecedores
33%
Altiplano
28%
Jardim Soledade
28%
Cidade Universitária
22%
Fátima
17%
Santa Cecília
17%
João Bosco
11%
Nazaré Lopes
11%
Nenhum quiz correspondente encontrado
Distribuição das Pontuações
Porcentagem de Pessoas com Cada Pontuação
Percentil de Números Respondidos
Sua Pontuação Histórica
Você não jogou esse quiz